Student councils in action /

Bibliographic Details
Main Author: Kirkendall, Lester Allen, 1903-
Other Authors: Zeran, Franklin R. (Franklin Royalton), 1906-
Format: Book
Language:English
Published: New York : Cartwell House, 1953.
Subjects:

MARC

Tag First Indicator Second Indicator Subfields
LEADER 00000cam a2200000 4500
001 in00000078516
005 20151008052825.0
008 740927s1953 nyu 00000 eng u
010 |a  53030452  
035 |a (OCoLC)01024367 
035 |9 AAH5042AM 
040 |c OUN  |d TXA  |d UtOrBLW 
049 |a TXAM  |c [225667] 
050 0 |a LB3092  |b .K5 
082 0 |a 371.59 
092 |a 371.59  |b K59s 
100 1 |a Kirkendall, Lester Allen,  |d 1903- 
245 1 0 |a Student councils in action /  |c by Lester A. Kirkendall and Franklin R. Zeran. 
264 1 |a New York :  |b Cartwell House,  |c 1953. 
300 |a 240 pages ;  |c 22 cm. 
336 |a text  |b txt  |2 rdacontent 
337 |a unmediated  |b n  |2 rdamedia 
338 |a volume  |b nc  |2 rdacarrier 
650 0 |a Student government. 
700 1 |a Zeran, Franklin R.  |q (Franklin Royalton),  |d 1906- 
999 |a MARS 
999 f f |s 852c2c5f-e3c3-399c-a5c5-d2ed3b5dee3c  |i feef22f2-cce8-3cd8-b660-cd45843f3e61  |t 0 
952 f f |p ric  |a Texas A&M University  |b Rellis Campus  |c Joint Library Facility  |d Remote Storage  |t 0  |e LB3092 .K5  |h Library of Congress classification  |i unmediated -- volume  |m A14800843104 
998 f f |a LB3092 .K5  |t 0  |l Remote Storage